Úvod k zborníku "Účtovníctvo a audítorstvo v procese svetovej harmonizácie"

Saved in:
Bibliographic Details
Main Author: Tumpach, Miloš, 1970-
Format: Book Chapter
Language:Slovak
Subjects:
Tags: Add Tag
No Tags, Be the first to tag this record!

MARC

LEADER 00000naa$a2200000$$$4500
001 0236044
005 20240502073822.5
041 0 |a slo 
044 |a SK 
245 1 0 |a Úvod k zborníku "Účtovníctvo a audítorstvo v procese svetovej harmonizácie"  |c Miloš Tumpach 
610 2 0 |a účtovníctvo 
610 2 0 |a audítorstvo 
100 1 |a Tumpach, Miloš, 1970-